Online
Catalog
Normal view MARC view

Entry Nombre personal

Number of records used in: 1

001 - NÚMERO DE CONTROL

  • campo de control: 83806

003 - IDENTIFICADOR DEL NÚMERO DE CONTROL

  • campo de control: DO-SdBNP

005 - FECHA Y HORA DE LA ÚLTIMA TRANSACCIÓN

  • campo de control: 20230720102426.0

008 - DATOS DE LONGITUD FIJA

  • campo de control de longitud fija: 230720|| aca||aabn | a|a d

040 ## - FUENTE DE LA CATALOGACIÓN

  • Centro catalogador/agencia de origen: DO-SdBNP
  • Centro/agencia transcriptor: DO-SdBNP

100 ## - ENCABEZAMIENTO-NOMBRE DE PERSONA

  • Nombre de persona: Isa Condne, Narciso,
  • Fechas asociadas al nombre: 1942-
  • Subdivisión de forma: Relatos personales

670 ## - FUENTE DE DATOS ENCONTRADOS

  • Cita de la fuente: Work cat.: (DO-SdBNP)20123: Isa Conde, Narciso, 1942- 12387, Secretos, vivencias ... de lucha, vida y amor /, 2017.

Powered by Koha